Geometry Dash Main Levels - Statistics

General Stats
  • This quiz has been taken 106 times
  • The average score is 19 of 22
Answer Stats
Hint Answer % Correct
1 Stereo Madness
95%
2 Back on Track
91%
7 Jumper
91%
6 Cant Let Go
90%
8 Time Machine
90%
4 Dry Out
89%
10 X-Step
89%
14 Clubstep
87%
11 Clutterfunk
87%
12 Theory of Everything
87%
5 Base after Base
86%
9 Cycles
86%
21 Fingerdash
86%
13 Electroman Adventures
85%
22 Dash
84%
15 Electrodynamix
84%
18 Theory of Everything 2
84%
3 Polargeist
82%
17 Blast Processing
81%
20 Deadlocked
80%
19 Geometrical Dominator
80%
16 Hexagon Force
78%
No matching quizzes found
Score Distribution
Percent of People with Each Score
Percentile by Number Answered
Your Score History
You have not taken this quiz